<?xml version="1.0" encoding="UTF-8"?>
<collection xmlns="http://www.loc.gov/MARC21/slim">
 <record>
  <leader>01730nam a22004817a 4500</leader>
  <controlfield tag="001">000099230</controlfield>
  <controlfield tag="003">CZ-PrVSE</controlfield>
  <controlfield tag="005">20070927095452.0</controlfield>
  <controlfield tag="007">ta</controlfield>
  <controlfield tag="008">070907s1998    xr     fr     000 0 cze d</controlfield>
  <datafield tag="015" ind1=" " ind2=" ">
   <subfield code="a">cnb000532164</subfield>
  </datafield>
  <datafield tag="020" ind1=" " ind2=" ">
   <subfield code="a">80-86154-04-1</subfield>
   <subfield code="q">(brož.)</subfield>
  </datafield>
  <datafield tag="035" ind1=" " ind2=" ">
   <subfield code="a">(OCoLC)41048122</subfield>
  </datafield>
  <datafield tag="040" ind1=" " ind2=" ">
   <subfield code="a">ABA006</subfield>
   <subfield code="b">cze</subfield>
   <subfield code="c">ABA006</subfield>
   <subfield code="d">ABA006</subfield>
  </datafield>
  <datafield tag="041" ind1="0" ind2=" ">
   <subfield code="a">cze</subfield>
   <subfield code="a">rus</subfield>
  </datafield>
  <datafield tag="072" ind1=" " ind2="7">
   <subfield code="a">005.91:82-6</subfield>
   <subfield code="x">Úřední korespondence</subfield>
   <subfield code="2">Konspekt</subfield>
   <subfield code="9">4</subfield>
  </datafield>
  <datafield tag="072" ind1=" " ind2="9">
   <subfield code="a">652</subfield>
   <subfield code="x">Processes of written communication</subfield>
   <subfield code="2">Conspectus</subfield>
   <subfield code="9">4</subfield>
  </datafield>
  <datafield tag="080" ind1=" " ind2=" ">
   <subfield code="a">811.161.1</subfield>
   <subfield code="2">MRF</subfield>
  </datafield>
  <datafield tag="080" ind1=" " ind2=" ">
   <subfield code="a">005.91:82-6</subfield>
   <subfield code="2">MRF</subfield>
  </datafield>
  <datafield tag="080" ind1=" " ind2=" ">
   <subfield code="a">[005.91:82-6]-025.13</subfield>
   <subfield code="2">MRF</subfield>
  </datafield>
  <datafield tag="080" ind1=" " ind2=" ">
   <subfield code="a">(035)</subfield>
   <subfield code="2">MRF</subfield>
  </datafield>
  <datafield tag="099" ind1=" " ind2="9">
   <subfield code="a">8-RJ-K-RUS</subfield>
  </datafield>
  <datafield tag="245" ind1="0" ind2="0">
   <subfield code="a">Ruský obchodní dopis se vzorovými dopisy /</subfield>
   <subfield code="c">[sestavil Jan Mešťan]</subfield>
  </datafield>
  <datafield tag="250" ind1=" " ind2=" ">
   <subfield code="a">1. vyd.</subfield>
  </datafield>
  <datafield tag="260" ind1=" " ind2=" ">
   <subfield code="a">Písek :</subfield>
   <subfield code="b">J &amp; M,</subfield>
   <subfield code="c">1998</subfield>
  </datafield>
  <datafield tag="300" ind1=" " ind2=" ">
   <subfield code="a">101 s.</subfield>
  </datafield>
  <datafield tag="490" ind1="1" ind2=" ">
   <subfield code="a">Brána do světa obchodu</subfield>
  </datafield>
  <datafield tag="546" ind1=" " ind2=" ">
   <subfield code="a">Český a ruský text</subfield>
  </datafield>
  <datafield tag="650" ind1="0" ind2="7">
   <subfield code="a">ruština</subfield>
   <subfield code="7">ph125351</subfield>
   <subfield code="2">czenas</subfield>
  </datafield>
  <datafield tag="650" ind1="0" ind2="7">
   <subfield code="a">obchodní korespondence</subfield>
   <subfield code="7">ph115515</subfield>
   <subfield code="2">czenas</subfield>
  </datafield>
  <datafield tag="650" ind1="0" ind2="7">
   <subfield code="a">vzorové dopisy</subfield>
   <subfield code="7">ph139316</subfield>
   <subfield code="2">czenas</subfield>
  </datafield>
  <datafield tag="655" ind1=" " ind2="7">
   <subfield code="a">příručky</subfield>
   <subfield code="7">fd133209</subfield>
   <subfield code="2">czenas</subfield>
  </datafield>
  <datafield tag="650" ind1="0" ind2="9">
   <subfield code="a">Russian language</subfield>
   <subfield code="2">eczenas</subfield>
  </datafield>
  <datafield tag="650" ind1="0" ind2="9">
   <subfield code="a">commercial correspondence</subfield>
   <subfield code="2">eczenas</subfield>
  </datafield>
  <datafield tag="650" ind1="0" ind2="9">
   <subfield code="a">form letters</subfield>
   <subfield code="2">eczenas</subfield>
  </datafield>
  <datafield tag="655" ind1=" " ind2="9">
   <subfield code="a">handbooks and manuals</subfield>
   <subfield code="2">eczenas</subfield>
  </datafield>
  <datafield tag="700" ind1="1" ind2=" ">
   <subfield code="a">Měšťan, Jan,</subfield>
   <subfield code="d">1962-</subfield>
   <subfield code="7">osa20191035042</subfield>
   <subfield code="4">edt</subfield>
  </datafield>
  <datafield tag="830" ind1=" " ind2="0">
   <subfield code="a">Brána do světa obchodu</subfield>
  </datafield>
  <datafield tag="993" ind1=" " ind2=" ">
   <subfield code="a">000958391</subfield>
  </datafield>
  <datafield tag="996" ind1=" " ind2=" ">
   <subfield code="1">PJMSK</subfield>
   <subfield code="3">F197281a</subfield>
   <subfield code="4">N:P</subfield>
   <subfield code="5">3142213106</subfield>
   <subfield code="8">20070907</subfield>
   <subfield code="9">8-RJ-K-RUS</subfield>
   <subfield code="f">81</subfield>
   <subfield code="g">13653</subfield>
   <subfield code="l">UEP01</subfield>
   <subfield code="m">BOOK</subfield>
   <subfield code="q">Knihovna JM - sklad</subfield>
   <subfield code="t">na 1 měsíc</subfield>
   <subfield code="u">UEP01</subfield>
   <subfield code="w">20071031</subfield>
  </datafield>
  <datafield tag="996" ind1=" " ind2=" ">
   <subfield code="1">PSTUD</subfield>
   <subfield code="3">F197281</subfield>
   <subfield code="4">N:P</subfield>
   <subfield code="5">3142213060</subfield>
   <subfield code="8">20070907</subfield>
   <subfield code="9">8-RJ-K-RUS</subfield>
   <subfield code="f">81</subfield>
   <subfield code="g">13632</subfield>
   <subfield code="l">UEP01</subfield>
   <subfield code="m">BOOK</subfield>
   <subfield code="q">Studovna Žižkov</subfield>
   <subfield code="t">na 1 měsíc</subfield>
   <subfield code="u">UEP01</subfield>
   <subfield code="w">20070927</subfield>
  </datafield>
 </record>
</collection>
